00605nam a22002057a 450000500170000001000110001702000210002803500110004903700160006004000120007608200160008810000300010424500920013426000400022627000350026630000200030150000200032165000270034165000310036820170124110008.0 a512496 c00.00a213762889 a512496 bCen Lib/Ret aDPLbEN a355.34bGAN aGanoer-Raymond, Philippe  aThe tangle web /cby Philippe Ganier-Raymond ; translated from the french by Len Ortzen aLondonbArthur Barker Limitedc1968 a5 winsley Street bLondoneW.1 a203p.c21cm(Hb) aIncludes index. aWorld War--(1939-1945) aUnderground movements, War